Lyrics to What's My Age Again (Neckdrew Goodneck Remix) Quiz Stats

 Plays Quiz not verified by Sporcle

Challenge
Share
Tweet
Embed
Score 0/23 Timer 03:00
0 Plays Today
Lyrics % Correct
I took her out it was a FridayNeck
100%
I wore cologne to get the feelingNeck
100%
We started making out and she took off myNeck
100%
And that's about the time she walked away fromNeck
100%
My friends say I should act myNeck
100%
What's myNeck
100%
What's myNeck
100%
Then later on, on theNeck
100%
I called her mom from aNeck
100%
And that's about the time thatNeck
100%
I'm still more amused byNeck
100%
My friends say I should act myNeck
100%
Lyrics % Correct
What's myNeck
100%
What's myNeck
100%
But then I turned on theNeck V
80%
I'm still more amused by TVNecks
80%
I said I was theNecks
80%
And your husband's inNecks
80%
Nobody likes you when you'reNeckty Three
60%
Nobody likes you when you'reNeckty Three
60%
What the hell is callerNeckD
20%
What the hell isNeckDD
0%
This state looks down onNeckdomy
0%

You're not logged in!

Compare scores with friends on all Sporcle quizzes.
OR
Log In

You Might Also Like...

Show Comments

Extras

Created May 6, 2011ReportNominate
Tags:again, age, remix

Top Quizzes Today


Score Distribution

Your Account Isn't Verified!

In order to create a playlist on Sporcle, you need to verify the email address you used during registration. Go to your Sporcle Settings to finish the process.

Report this User

Report this user for behavior that violates our Community Guidelines.

Details: